000 00506nam a2200157 i 4500
001 25808
003 ES-MaACL
005 20230906153334.0
007 t|
008 030103s1912 sp ||||1| spa d
100 1 _aAreilza, Ignacio de.
_922574
245 1 0 _aAlgunos sistemas vigentes y proyectos de seguros sociales contra la vejez y la invalidez /
_cIgnacio de Areilza.
260 _aBilbao :
_b[s.n.,
_c1912] (
_fImp. de Eléxpuru Hermanos)
502 _aTesis doctoral.
852 _aES-MaACL
_jT-1371-F-5
999 _c25808
_d25808